Dictionnaire n°10 - Statistiques

Statistiques générales
  • Ce quiz a été pris 27 fois
  • Le résultat moyen est 2 sur 10
Statistiques - réponses
Définition Classe grammaticale Mot correspondant Utilisateurs % Correct
Le plus aimé, jugé le meilleur Adjectif Préféré Chiffou
57%
Ancienne arme à feu portative Nom Mousquet FauneMimi
30%
Tuer, faire mourir (littéraire) Verbe Occire Stamp3314
26%
Accabler d'injures Verbe Agonir Fouinar
22%
Animal invertébré au corps mou Nom Mollusque Stamp3314
13%
Qui a la dureté ou l'éclat du diamant Adjectif Adamantin Froufrou
9%
Juron familier exprimant l'étonnement ou l'exaspération Interjection Sapristi baptistegorce
9%
Blatte d'Amérique Nom Cancrelat Fouinar
4%
Vouer à la haine et au mépris publics de façon à couvrir de honte Verbe Honnir Froufrou
0%
Contraire aux usages, à la bienséance Adjectif Incongru Yev
0%
Aucun quiz correspondant
Distribution des résultats
% des personnes avec chaque résultat
Percentile par nombre de réponses
Votre historique - résultats
Vous n’avez pas pris ce quiz